000 01007nam a22002297a 4500
005 20240530110553.0
008 160730s2014 ua ||||f b 00| 0 ara d
017 _a2013/17816
_bمصر. دار الكتب الوطنية
020 _a9789773832850
040 _aEG-CaGPL
082 0 4 _a658.15937/
_bم ك
_221
245 0 0 _aكيف تنشأ و تدير فندقا صغيرا (موتيل) :
_bطريقة عملية لانشاء فندق صغير بمدينة او بطريق سريع /
_cترجمة واعداد محمد عبد السلام داود.
246 3 0 _aموتيل
250 _aط. 1.
260 _aالقاهرة :
_bايتراك للطباعة والنشر والتوزيع،
_c2014.
300 _a264 ص. :
_bرسومات ؛
_c24 سم.
504 _aببليوجرافية : ص. 264.
650 4 _aالموتيلات
_xتنظيم وادارة
700 0 _aمحمد عبد السلام داود
_eمترجم ومعد.
942 _2ddc
_cBK
999 _c62511
_d62511